| 000 | 00477cam a22001577i 4500 | ||
|---|---|---|---|
| 008 | 240214s2018 gw a b 001 0 eng | ||
| 020 | _a9783527341917 | ||
| 050 | 0 | 0 | _aQD 572.C37,F54 |
| 245 | 0 | 0 |
_aFlexible carbon-based electronics / _cedited by Paolo Samorì and Vincenzo Palermo. |
| 300 |
_axvi, 318 pages : _billustrations ; |
||
| 650 | 0 | _aFlexible electronics. | |
| 650 | 0 | _aOrganic electronics. | |
| 700 | 1 | _aSamorì, Paolo, | |
| 700 | 1 | _aPalermo, Vincenzo, | |
| 942 | _cBK | ||
| 999 |
_c2302 _d2302 |
||